| 000 | 00651nam a2200217Ii 4500 | ||
|---|---|---|---|
| 001 | 3459 | ||
| 003 | CO-ViMGA | ||
| 008 | 241108s9999||||xx |||||||||||||| ||und|| | ||
| 020 | _a9584205390 | ||
| 040 |
_aCO-ViMGA _bspa _erda _cCO-ViMGA |
||
| 041 | 0 | _aspa | |
| 082 | 0 | 4 | _a303.64 R42s |
| 100 | 1 |
_aNazih Richani _950765 |
|
| 245 | 1 | 0 |
_aSistemas de guerra: _bla economía política del conflicto en Colombia |
| 264 | 1 | _aBogotá, Colombia : Planeta Colombia, 2003 | |
| 300 | _avolumen | ||
| 336 |
_atext _btxt _2rdacontent |
||
| 337 |
_aunmediated _bn _2rdamedia |
||
| 338 |
_avolume _bnc _2rdacarrier |
||
| 940 | _aidficha_siabuc: 3375. -- ficha_no_siabuc:3459 | ||
| 999 |
_c45457 _d45457 |
||